000 00307nam a22001337a 4500
008 180215b xxu||||| |||| 00| 0 eng d
020 _a9780078600197
041 _aeng
080 _a34
100 _a14
101 _aJUR
245 _aStreet law a course in practical law
_cArbetman,L.P
942 _2udc
_cBK
999 _c42567
_d42567